000 00712nam a22002537a 4500
003 UA-OsUOA
001 59577
007 ta
008 20090406b un ||||| |||| 00| 0 ukr d
100 _aКоваленко В. В.
700 _aЮлдашев С. О.
090 _a347.998(477)
_bК56
942 _cBK
040 _aUA-OsUOA
_bukr
_cUA-OsUOA
_dUA-OsUOA
245 _aНедержавне судочинство в Україні
_bмонографія
300 _a168 с.
955 _a2
041 _aukr
080 _a347.998(477)
020 _a966-608-639-5
260 _aК.
_bМАУП
_c2006
650 7 _a347 Цивільне право. Судовий устрій
_2UDC
999 _c345586
_d345586